Games husbands and wives play. (Record no. 14624)

000 -LEADER
fixed length control field 00541nam a2200181 a 4500
001 - CONTROL NUMBER
control field :::00012456$&:&@@
003 - CONTROL NUMBER IDENTIFIER
control field OkBaRHE
005 - DATE AND TIME OF LATEST TRANSACTION
control field 20000607103419.0
008 - FIXED-LENGTH DATA ELEMENTS--GENERAL INFORMATION
fixed length control field s1970 j 000 0 eng u
040 ## - CATALOGING SOURCE
Transcribing agency
100 1# - MAIN ENTRY--PERSONAL NAME
Personal name Drakeford, John W.
245 10 - TITLE STATEMENT
Title Games husbands and wives play.
260 ## - PUBLICATION, DISTRIBUTION, ETC. (IMPRINT)
Place of publication, distribution, etc Nashville, TN., :
Name of publisher, distributor, etc Broadman Press
Date of publication, distribution, etc c1970
300 ## - PHYSICAL DESCRIPTION
Extent 128 p. : illus. ;
Dimensions 20 cm.
650 ## - SUBJECT ADDED ENTRY--TOPICAL TERM
Topical term or geographic name as entry element Marriage
942 ## - ADDED ENTRY ELEMENTS (KOHA)
Source of classification or shelving scheme
Koha item type Books
Copies
Full call number Copy number Price effective from Damaged status Withdrawn status Date last seen Date acquired Source of classification or shelving scheme Koha item type Lost status Not for loan Permanent Location Shelving location Barcode
HQ 734 .D79812010-04-14  2010-04-142010-04-14 Books  RHEMA Bible Training CollegeGeneral Stacks12456